| 000 | 00643nam a22002177a 4500 | ||
|---|---|---|---|
| 005 | 20150324162818.0 | ||
| 008 | 140714b xxu||||| |||| 00| 0 Urdu d | ||
| 010 | _aUR-8785 | ||
| 020 | q | _c200.00 | |
| 035 | _aU-7340 | ||
| 037 | _bDBAD/Pub. | ||
| 040 |
_aDPL _bUrdu |
||
| 082 | _a808.88 | ||
| 100 | _aمجا ز | ||
| 245 |
_aمجا ز :شخصيت ا و ر فن _bمجا ز |
||
| 246 |
_aMajaz Shakhsiat aur Fun _bBy Majaz |
||
| 260 |
_aPatna-4 _bKhuda Bakhsh Oriental Public Library _c2013 |
||
| 270 | _aKhuda Bakhsh Oriental Public Library, | ||
| 300 |
_a124ص _b22C.m.(PB) |
||
| 942 |
_2ddc _cUR _h808.88 _mم ج ا |
||
| 999 |
_c92472 _d92472 |
||